01191nam a2200229 i 4500001000700000003000400007005000900011008005900020100002900079245026200108260005900370300000800429502007200437504004500509650011900554700011600673040001300789942001200802999002100814952006300835952006300898245170OSt201809210000002002 dr 0000000000spa00 aRosario Taveras, Norma D aAutomedicación en el sector Barrio Lindo del municipio Hato Mayor del Rey República Dominicana período junio-septiembre 2002cNorma D. Rosario Taveras, Yuderka I. Encarnación Castillo, Naifa A. Brito de Salas; asesores Rosario Mojíca, William Duke aRepública Dominicana :bUniversidad Central del Este a51h aTesis (Licenciado en Farmacia)-- Universidad Central del Este, 2002 aIncluye bibliografía índice y anexos aAbuso de medicamentosaAutomedicaciónaFarmacologíaaMedicamentosaTC 6206aTesis y disertaciones académicas aBrito de Salas, Naifa AdalgisaaDuke, William, asesaEncarnación Castillo, Yuderka IaMojíca, Rosario, ases aDLCcDLC 2ddccTH c245170d24517000 00102ddc4070a1b1d2018-08-17oT 615.58 R789a 2002yTH 00102ddc4070a1b1d2018-08-17oT 615.58 R789a 2002yTH